000 00708nam a22002055i 4500
001 155510
003 ES-MaACL
005 20230906210116.0
008 040721s1874 gw |||| | eng d
040 _aCAM
_bspa
_cCAM
100 1 _aHoey, Cashel.
_9128012
245 1 0 _aOut of court /
_cby Cashel Hoey.
260 _aLeipzig :
_bBernhard Tauchnitz,
_c1874.
300 _a2 v. (318 ; 311 p.) ;
_c16 cm.
490 1 _aCollection of brithis authors ;
_v1429 ; 1430
650 4 _aNovela inglesa.
_9137408
830 0 _aCollection of brithis authors ;
_v1429 ; 1430
_9221566
852 _aES-MaACL
_jG-11615
_z-- Enc. hol., conservando las cubs. originales
_z-- Enc. 2 t. en 1 v.
999 _c155510
_d155510